Statistics for Dead By Daylight Survivor Perks #2

Click here to take the quiz!

General Stats

  • This quiz has been taken 103 times
  • The average score is 14 of 16

Answer Stats

Answer% Correct
Balanced Landing
97%
Borrowed Time
96%
Power Struggle
94%
Resilience
94%
Flip-Flop
92%
Botany Knowledge
91%
Calm Spirit
91%
Deliverance
91%
Boil Over
88%
Sole Survivor
88%
Self-Aware
87%
For the People
86%
Detective's Hunch
78%
We're Gonna Live Forever
72%
Renewal
69%
Repressed Alliance
67%

Score Distribution

Percentile by Number Answered

Percent of People with Each Score

Your Score History

You have not taken this quiz